Modelovanie procesu ultrazvukového spevňovania

Saved in:
Bibliographic Details
Main Author: Tolnay, Marián, 1946- (Author)
Format: Book
Language:Slovak
Published: Bratislava : STU v Bratislave, 2008
Edition:1. vyd.
Subjects:
Tags: Add Tag
No Tags, Be the first to tag this record!

MARC

LEADER 00000nam a22000003a 4500
001 stu160173
005 20221209143113.1
008 080319s2008------------------------slo-d
020 |a 978-80-227-2850-8 
040 |a STU  |b slo 
041 0 |a slo 
080 |a 534.321.9  |7 stu_us_auth*stu6416 
080 |a 621.9.01 
100 1 |a Tolnay, Marián,  |d 1946-  |4 aut  |u J0070  |9 100  |U SjF Strojnícka fakulta  |T SjF Ústav výrobných systémov, enviromentálnej techniky a manažment kvality  |X 2403  |U J0070  |Y 804  |7 A000002403 
242 0 0 |a Ultrasonic Hardening Process Modelling  |y eng 
245 1 |a Modelovanie procesu ultrazvukového spevňovania 
250 |a 1. vyd. 
260 |a Bratislava :  |b STU v Bratislave,  |c 2008 
300 |a 62 s  |c CD 
650 7 |a ultrazvukové spevňovanie  |2 stusub 
650 7 |a kovové materiály  |2 stusub 
650 7 |a obrábanie  |2 stusub 
996 |b 284J034020  |c J*109820  |l JJSK  |s A  |a 24  |w stu160173_0001 
996 |b 284J034021  |c J*109821  |l JJSK  |s A  |a 24  |w stu160173_0002 
996 |b 284J033793  |c J*109593  |l JJST  |s P  |a 0  |w stu160173_0003 
996 |b 284J033792  |c J*109592  |l JJST  |s P  |a 0  |w stu160173_0004